000 00416 a2200157 4500
999 _c2173
_d2173
020 _a0761940448
050 _aHM 1033 SOC 2003
100 _aHogg, Michael A
_eauthor
245 _aSocial psychology /
_cMichael A. Hogg
264 _aLondon
_bSage
_c2003
300 _avi,422p.:
_bill.
440 _avolume 3
500 _aincludes bibliographical references
650 _apsychology
942 _2lcc
_cBK
_h1033
_iMIC
_kHM